[Event "ch-FIN Rapid 2019"]
[Site "Helsinki FIN"]
[Date "2019.08.24"]
[Round "6.14"]
[White "Kulmala, Viktor"]
[Black "Miikkulainen, Jouko"]
[Result "1-0"]
[WhiteElo "1040"]
[BlackElo "1706"]
[PlyCount "105"]
[EventDate "2019.08.24"]
[EventType "swiss (rapid)"]
[EventRounds "9"]
[EventCountry "FIN"]
[SourceTitle "The Week in Chess 1294"]
[Source "Mark Crowther"]
[SourceDate "2019.08.26"]
[SourceVersion "1"]
[SourceVersionDate "2019.08.26"]
[SourceQuality "2"]

1. e4 e5 2. Nf3 d5 3. exd5 e4 4. Ng1 Nf6 5. Nc3 Be7 6. d3 exd3 7. Qxd3 O-O 8.
Be2 c6 9. dxc6 Nxc6 10. a3 Ne5 11. Qb5 Ng6 12. Nf3 a6 13. Qd3 Be6 14. O-O b5
15. Qxd8 Rfxd8 16. Bg5 h6 17. Be3 Nd5 18. Nxd5 Bxd5 19. Bb6 Rdc8 20. Rac1 Rc6
21. Be3 Bf6 22. Nd4 Rc7 23. Rfd1 Bc4 24. Bf3 Rac8 25. b3 Be6 26. Nxe6 fxe6 27.
Be4 Ne7 28. h3 Nf5 29. Bb6 Re7 30. Rd2 Bg5 31. Rd8+ Rxd8 32. Bxd8 Bxc1 33. Bxe7
Nxe7 34. a4 bxa4 35. bxa4 a5 36. Kf1 Kf7 37. Ke2 Ba3 38. Kd3 e5 39. Kc4 Ke6 40.
Kb5 Bb4 41. Kc4 Be1 42. Kb5 Kd6 43. c4 Bxf2 44. c5+ Bxc5 45. Kxa5 Nc6+ 46. Kb5
Nd4+ 47. Ka6 Nc6 48. Kb5 Nd4+ 49. Ka6 Kc7 50. a5 Nc6 51. Kb5 Ba7 52. Bxc6 g5
53. Ka6 1-0

[Event "Lviv Cup 2019"]
[Site "Lviv UKR"]
[Date "2019.08.22"]
[Round "9.8"]
[White "Aydincelebi, Kagan"]
[Black "Gadimbayli, Abdulla"]
[Result "1/2-1/2"]
[WhiteElo "2263"]
[BlackElo "2447"]
[PlyCount "26"]
[EventDate "2019.08.18"]
[EventType "swiss"]
[EventRounds "9"]
[EventCountry "UKR"]
[SourceTitle "The Week in Chess 1294"]
[Source "Mark Crowther"]
[SourceDate "2019.08.26"]
[SourceVersion "1"]
[SourceVersionDate "2019.08.26"]
[SourceQuality "2"]

1. e4 e5 2. Nf3 d5 3. exd5 e4 4. Ne5 Qxd5 5. d4 exd3 6. Nxd3 Nf6 7. Nc3 Qf5 8.
Bf4 c6 9. Qd2 Be6 10. Ne5 Nh5 11. Nd3 Nxf4 12. Nxf4 Be7 13. h4 O-O 1/2-1/2

[Event "TCh-TUR Club 2019"]
[Site "Konya TUR"]
[Date "2019.07.21"]
[Round "9.23"]
[White "Polatkan, Eren Yigit"]
[Black "Tetik, Muhammet"]
[Result "0-1"]
[WhiteElo "1168"]
[BlackElo "1517"]
[PlyCount "56"]
[EventDate "2019.07.16"]
[EventType "team"]
[EventRounds "9"]
[EventCountry "TUR"]
[SourceTitle "OM OTB B 201907"]
[Source "Opening Master"]
[SourceDate "2019.07.06"]
[SourceVersion "2"]
[SourceVersionDate "2019.07.06"]
[SourceQuality "1"]
[WhiteTeam "NIGDE SATRANC KULUBU"]
[BlackTeam "GAMBIT SATRANC SPOR KULUBU DERNEGI"]

1. e4 e5 2. Nf3 d5 3. exd5 e4 4. Nd4 Qxd5 5. Nb3 Nf6 6. Nc3 Qe5 7. Be2 Bd6 8.
d4 exd3 9. Qxd3 Nc6 10. Qe3 O-O 11. Qxe5 Bxe5 12. Bd2 Bf5 13. Rc1 Rfe8 14. f4
Bxc3 15. Bxc3 Bg4 16. O-O Rxe2 17. Bxf6 gxf6 18. Rfe1 Rae8 19. Kf1 Rxe1+ 20.
Rxe1 Rxe1+ 21. Kxe1 b6 22. c3 Be6 23. Kd2 Bxb3 24. axb3 Na5 25. Kc2 Kg7 26. b4
Nc4 27. Kb3 Ne3 28. g3 b5 0-1

[Event "TCh-TUR Club 2019"]
[Site "Konya TUR"]
[Date "2019.07.20"]
[Round "7.12"]
[White "Tuncer, Orcun Ege"]
[Black "Tetik, Muhammet"]
[Result "1-0"]
[WhiteElo "1626"]
[BlackElo "1517"]
[PlyCount "63"]
[EventDate "2019.07.16"]
[EventType "team"]
[EventRounds "9"]
[EventCountry "TUR"]
[SourceTitle "OM OTB B 201907"]
[Source "Opening Master"]
[SourceDate "2019.07.06"]
[SourceVersion "2"]
[SourceVersionDate "2019.07.06"]
[SourceQuality "1"]
[WhiteTeam "NAZILLI BELEDIYESI SPOR KULUBU-AYDIN"]
[BlackTeam "GAMBIT SATRANC SPOR KULUBU DERNEGI"]

1. e4 e5 2. Nf3 d5 3. exd5 e4 4. Qe2 Nf6 5. d3 Qxd5 6. dxe4 Qxe4 7. Bg5 Qxe2+
8. Bxe2 Ne4 9. Bf4 Bd6 10. Bxd6 Nxd6 11. Nc3 Be6 12. Ng5 Bc4 13. Bxc4 Nxc4 14.
Nd5 Na6 15. O-O-O O-O 16. Rd4 Ne5 17. Ne7+ Kh8 18. Nxh7 Rfd8 19. Rh4 g6 20. f4
Rd4 21. Ng5+ Kg7 22. Rh7+ Kf6 23. fxe5+ Kxg5 24. Rxf7 Re4 25. h4+ Kh6 26. h5
gxh5 27. Rf6+ Kg5 28. Rg6+ Kf4 29. Rh4+ Kxe5 30. Rg5+ Kd4 31. Rd5+ Ke3 32. Nf5+
1-0

[Event "TCh-TUR Club 2019"]
[Site "Konya TUR"]
[Date "2019.07.17"]
[Round "3.16"]
[White "Topal, Gorkem"]
[Black "Tetik, Muhammet"]
[Result "0-1"]
[WhiteElo "1140"]
[BlackElo "1517"]
[PlyCount "88"]
[EventDate "2019.07.16"]
[EventType "team"]
[EventRounds "9"]
[EventCountry "TUR"]
[SourceTitle "OM OTB B 201907"]
[Source "Opening Master"]
[SourceDate "2019.07.06"]
[SourceVersion "2"]
[SourceVersionDate "2019.07.06"]
[SourceQuality "1"]
[WhiteTeam "KADIRLI SAVRUN SPOR KULUBU DERNEGI"]
[BlackTeam "GAMBIT SATRANC SPOR KULUBU DERNEGI"]

1. e4 e5 2. Nf3 d5 3. exd5 e4 4. Ng1 Qxd5 5. Nc3 Qe5 6. Nge2 Bg4 7. d3 exd3 8.
Qxd3 Nd7 9. Qe4 Qxe4 10. Nxe4 O-O-O 11. f3 Re8 12. Bf4 Bf5 13. Ng5 Bg6 14.
O-O-O h6 15. Nh3 Ngf6 16. Nc3 c6 17. a3 Nb6 18. Bd3 Bxd3 19. Rxd3 g5 20. Bg3
Nbd5 21. Nxd5 Nxd5 22. Re1 Bc5 23. Re5 Rxe5 24. Bxe5 Re8 25. Bd4 Bxd4 26. Rxd4
Re2 27. Rd2 Re1+ 28. Rd1 Rxd1+ 29. Kxd1 Ne3+ 30. Kd2 Nxg2 31. Ng1 Nf4 32. Ke3
Kd7 33. Kd4 Kd6 34. b4 b6 35. c4 c5+ 36. bxc5+ bxc5+ 37. Ke4 Ke6 38. a4 a5 39.
Ke3 Ke5 40. Ne2 Nxe2 41. Kxe2 Kd4 42. f4 Kxc4 43. fxg5 hxg5 44. Kf3 f5 0-1

[Event "34th Schwarzacher Open"]
[Site "Schwarzach AUT"]
[Date "2019.07.15"]
[Round "3.6"]
[White "Milov, L.."]
[Black "Tonkov, B.."]
[Result "1-0"]
[WhiteElo "2472"]
[BlackElo "2248"]
[PlyCount "109"]
[EventDate "2019.07.13"]
[EventType "swiss"]
[EventRounds "9"]
[EventCountry "AUT"]
[SourceTitle "OM OTB B 201907"]
[Source "Opening Master"]
[SourceDate "2019.07.06"]
[SourceVersion "2"]
[SourceVersionDate "2019.07.06"]
[SourceQuality "1"]

1. e4 e5 2. Nf3 d5 3. Nxe5 Bd6 4. d4 dxe4 5. Qh5 Qe7 6. Nc3 Nf6 7. Qh4 Nbd7 8.
Nc4 O-O 9. Be2 Re8 10. O-O Nf8 11. Nxd6 Qxd6 12. Nb5 Qd7 13. Qg3 Ne6 14. c3 a6
15. Na3 b5 16. f4 Qd6 17. Nc2 c6 18. b3 a5 19. f5 Qxg3 20. hxg3 Nc7 21. c4 Ba6
22. Re1 Nd7 23. Bf4 Rac8 24. Ne3 Red8 25. Rac1 bxc4 26. bxc4 c5 27. d5 Nb6 28.
Rc3 Nca8 29. Kf2 a4 30. Rb1 f6 31. Bd1 g5 32. fxg6 hxg6 33. g4 Kf7 34. Bc2 Re8
35. Rh1 Kg7 36. Re1 Rcd8 37. Rb1 Kg8 38. Bd1 Rd7 39. Be2 Rc8 40. Rc2 Rb7 41.
Rcb2 Rd8 42. g5 f5 43. g4 Rf8 44. gxf5 gxf5 45. Kg3 Rff7 46. Bd6 Rbd7 47. Rxb6
Nxb6 48. Rxb6 Rxd6 49. Rxd6 f4+ 50. Kf2 fxe3+ 51. Kxe3 Bb7 52. Bg4 Kg7 53. Kxe4
Re7+ 54. Be6 Kg6 55. Kf4 1-0

[Event "Villa Tehuelches Open"]
[Site "Villa Tehuelches CHI"]
[Date "2019.07.11"]
[Round "1.12"]
[White "Hurtado Bahamonde, R.."]
[Black "Shon, Mariano"]
[Result "1-0"]
[WhiteElo "2149"]
[BlackElo "1618"]
[PlyCount "51"]
[EventDate "2019.07.11"]
[EventType "swiss"]
[EventRounds "7"]
[EventCountry "CHI"]
[SourceTitle "OM OTB B 201907"]
[Source "Opening Master"]
[SourceDate "2019.07.06"]
[SourceVersion "2"]
[SourceVersionDate "2019.07.06"]
[SourceQuality "1"]

1. e4 e5 2. Nf3 d5 3. Nxe5 Qe7 4. d4 f6 5. Ng4 Qxe4+ 6. Ne3 Nc6 7. Bb5 Nge7 8.
Nc3 Qh4 9. g3 Qh3 10. Bf1 Qe6 11. Bg2 Nf5 12. O-O Nxe3 13. Bxe3 Bd7 14. Re1
O-O-O 15. Nxd5 Bd6 16. Bf4 Qf7 17. Bxd6 cxd6 18. b4 Be6 19. c4 Rhe8 20. b5 Ne7
21. Qa4 Kb8 22. b6 a6 23. Nc7 Bd7 24. Qa3 Bc8 25. Nxe8 Qxe8 26. Qe3 1-0

[Event "CHN League Women 2019"]
[Site "Daqing CHN"]
[Date "2019.06.19"]
[Round "1.4"]
[White "Wang, Xuwen"]
[Black "Wang Yu A"]
[Result "0-1"]
[WhiteElo "1837"]
[BlackElo "2280"]
[PlyCount "90"]
[EventDate "2019.06.19"]
[EventType "team"]
[EventRounds "9"]
[EventCountry "CHN"]
[SourceTitle "The Week in Chess 1285"]
[Source "Mark Crowther"]
[SourceDate "2019.06.24"]
[SourceVersion "1"]
[SourceVersionDate "2019.06.24"]
[SourceQuality "2"]

1. e4 e5 2. Nf3 d5 3. exd5 Qxd5 4. Nc3 Qe6 5. b3 Bd6 6. Bc4 Qg6 7. Nh4 Qf6 8.
g3 Be6 9. Ne4 Qe7 10. Qf3 Nc6 11. Bxe6 fxe6 12. c3 Nf6 13. d3 Nxe4 14. dxe4 Rf8
15. Qg4 O-O-O 16. O-O Qf7 17. Be3 Be7 18. Ng2 h5 19. Qe2 g5 20. b4 h4 21. a4
Rh8 22. a5 hxg3 23. fxg3 Qh7 24. Ne1 Qxe4 25. b5 Bc5 26. Ng2 Bxe3+ 27. Nxe3 Nd4
28. cxd4 exd4 29. Rae1 Qxe3+ 30. Qxe3 dxe3 31. Rxe3 Rd5 32. b6 Rxa5 33. bxc7
Re8 34. Rf6 Kxc7 35. Rfxe6 Rxe6 36. Rxe6 Rd5 37. h4 gxh4 38. gxh4 a5 39. Re7+
Kc6 40. Re6+ Kc5 41. Kf2 a4 42. Re8 a3 43. Re2 b5 44. Kf3 b4 45. Kg4 b3 0-1

[Event "European Online CC GpD"]
[Site "Tornelo INT"]
[Date "2019.06.13"]
[Round "?"]
[White "ANGRYBIRD2300"]
[Black "ANIMAL1984"]
[Result "0-1"]
[WhiteElo "1583"]
[BlackElo "1804"]
[PlyCount "62"]
[EventDate "2021.03.27"]
[EventType "team"]
[SourceTitle "OM OTB B 201907"]
[Source "Opening Master"]
[SourceDate "2019.07.06"]
[SourceVersion "2"]
[SourceVersionDate "2019.07.06"]
[SourceQuality "1"]

1. e4 e5 2. Nf3 d5 3. exd5 e4 4. Qe2 Nf6 5. d3 Qxd5 6. Nfd2 Qa5 7. Nc3 Be6 8.
Ndxe4 Nc6 9. Nxf6+ gxf6 10. Bd2 Nd4 11. Qd1 O-O-O 12. Ne4 Qb6 13. c3 f5 14. Ng5
Re8 15. Be2 Nxe2 16. Qxe2 Bd7 17. Be3 Qc6 18. f4 f6 19. Nf3 Bc5 20. d4 Bd6 21.
g3 Rxe3 22. Qxe3 Re8 23. Qxe8+ Bxe8 24. O-O Bh5 25. Nd2 Qb5 26. Rab1 Qd3 27.
Nb3 Be2 28. Rfe1 Qe3+ 29. Kg2 Bf3+ 30. Kf1 Qd3+ 31. Kf2 Be4 0-1

[Event "Prague Menchik Memorial rapid"]
[Site "Prague"]
[Date "2019.06.09"]
[Round "8"]
[White "Frolov, Artur"]
[Black "Hajek, Jiri2"]
[Result "1-0"]
[WhiteElo "2453"]
[BlackElo "2043"]
[PlyCount "91"]
[EventDate "2019.06.09"]
[EventType "swiss (rapid)"]
[EventRounds "9"]
[EventCountry "CSR"]
[SourceTitle "OM OTB B 201907"]
[Source "Opening Master"]
[SourceDate "2019.07.06"]
[SourceVersion "2"]
[SourceVersionDate "2019.07.06"]
[SourceQuality "1"]

1. e4 e5 2. Nf3 d5 3. Nxe5 Bd6 4. d4 dxe4 5. Bc4 Bxe5 6. dxe5 Qxd1+ 7. Kxd1 Nc6
8. Bf4 Nge7 9. Re1 Bg4+ 10. Kc1 O-O-O 11. Nd2 Ng6 12. Bg5 Rd4 13. c3 Rd7 14. h3
Be6 15. Bxe6 fxe6 16. Nxe4 Ngxe5 17. Kc2 Rf8 18. Re2 h6 19. Be3 b6 20. Rd1 Rfd8
21. Rxd7 Rxd7 22. b3 Kd8 23. Rd2 Nf7 24. Rxd7+ Kxd7 25. f3 Nd6 26. Nd2 Nf5 27.
Bf2 Ne5 28. f4 Nc6 29. Kd3 Nd6 30. Ne4 Ne7 31. Bd4 Nef5 32. g4 Nxd4 33. Kxd4
c5+ 34. Ke3 Nf7 35. h4 e5 36. f5 Kc6 37. c4 a6 38. g5 hxg5 39. hxg5 b5 40. Kf3
a5 41. a4 bxa4 42. bxa4 Nd8 43. Kg4 Nb7 44. f6 gxf6 45. g6 Nd6 46. Nxd6 1-0

[Event "Rio de Janeiro Fexerj op"]
[Site "Rio de Janeiro"]
[Date "2019.06.02"]
[Round "3"]
[White "Fucs, Paulo Moses"]
[Black "Ribeiro Junior, Sairo Jose Mallet"]
[Result "1-0"]
[WhiteElo "1969"]
[BlackElo "1927"]
[PlyCount "41"]
[EventDate "2019.06.01"]
[EventType "swiss"]
[EventRounds "6"]
[EventCountry "BRA"]
[SourceTitle "OM OTB B 201907"]
[Source "Opening Master"]
[SourceDate "2019.07.06"]
[SourceVersion "2"]
[SourceVersionDate "2019.07.06"]
[SourceQuality "1"]

1. e4 e5 2. Nf3 d5 3. d4 Bg4 4. Be2 dxe4 5. Nxe5 Be6 6. Nc3 Bb4 7. O-O Nf6 8.
Bg5 Bxc3 9. bxc3 Nbd7 10. f4 exf3 11. Nxf3 c6 12. Bd3 O-O 13. Ne5 h6 14. Nxd7
hxg5 15. Nxf6+ gxf6 16. Qh5 f5 17. Bxf5 Bxf5 18. Rxf5 f6 19. Qg6+ Kh8 20. Rf3
g4 21. Rf5 1-0

[Event "GER-ch Seniors 65 31st"]
[Site "Radebeul"]
[Date "2019.04.29"]
[Round "4"]
[White "Schubert, Joachim"]
[Black "Walther, Reinhard"]
[Result "1-0"]
[WhiteElo "1863"]
[BlackElo "2042"]
[PlyCount "105"]
[EventDate "2019.04.26"]
[EventType "swiss"]
[EventRounds "9"]
[EventCountry "GER"]
[SourceTitle "OM OTB B 201907"]
[Source "Opening Master"]
[SourceDate "2019.07.06"]
[SourceVersion "2"]
[SourceVersionDate "2019.07.06"]
[SourceQuality "1"]

1. e4 e5 2. Nf3 d5 3. exd5 Bd6 4. Bb5+ Nd7 5. d4 e4 6. Ne5 Ngf6 7. Nxd7 Nxd7 8.
c4 O-O 9. Be3 a6 10. Ba4 f5 11. g3 Nf6 12. Nc3 Rb8 13. Bb3 Kh8 14. h3 b5 15. c5
Be7 16. a3 a5 17. Bg5 b4 18. Bxf6 Bxf6 19. axb4 axb4 20. Ne2 g5 21. h4 gxh4 22.
gxh4 e3 23. fxe3 Re8 24. Kd2 Qe7 25. Qg1 Bg7 26. Qg5 Qf8 27. Nf4 Bh6 28. Qg3
Re4 29. Raf1 Ba6 30. Rf3 Qf6 31. Qf2 Rbe8 32. Re1 Rxe3 33. Rexe3 Qxd4+ 34. Ke1
Re4 35. Rxe4 Qxe4+ 36. Qe3 Qb1+ 37. Bd1 Qe4 38. Kf2 Bg7 39. Qxe4 fxe4 40. Rb3
Bd4+ 41. Ke1 Bxc5 42. Be2 Bb7 43. Bc4 Bd6 44. Ne2 Bc8 45. Nd4 Bd7 46. Bb5 Bg4
47. Re3 h5 48. Be2 Be7 49. Rxe4 Bxh4+ 50. Kd1 Bxe2+ 51. Nxe2 Bf6 52. Rxb4 h4
53. Nf4 1-0

[Event "Tenerife-ch"]
[Site "Tenerife"]
[Date "2019.04.12"]
[Round "5"]
[White "Rodriguez Redondo, Adhara"]
[Black "Martinez Rojas, Carlos Jose"]
[Result "1-0"]
[WhiteElo "1953"]
[BlackElo "2052"]
[PlyCount "115"]
[EventDate "2019.04.03"]
[EventType "tourn"]
[EventRounds "9"]
[EventCountry "ESP"]
[SourceTitle "OM OTB B 201907"]
[Source "Opening Master"]
[SourceDate "2019.07.06"]
[SourceVersion "2"]
[SourceVersionDate "2019.07.06"]
[SourceQuality "1"]

1. e4 e5 2. Nf3 d5 3. exd5 e4 4. Ne5 Qxd5 5. d4 exd3 6. Nxd3 Nc6 7. Nc3 Qa5 8.
Be2 Nf6 9. O-O Bd7 10. Be3 Bd6 11. a3 h5 12. b4 Qf5 13. Bc5 Bxh2+ 14. Kxh2
O-O-O 15. Qd2 g5 16. f3 Be6 17. Bf2 Ne5 18. Rae1 Kb8 19. Bxa7+ Ka8 20. Bf2 Nc4
21. Qc1 h4 22. a4 Rdg8 23. Nb5 g4 24. fxg4 Nxg4+ 25. Bxg4 Qxg4 26. Nf4 c6 27.
Nc7+ Kb8 28. Ncxe6 fxe6 29. b5 e5 30. Re4 Kc8 31. Qd1 Qg5 32. Rxc4 exf4 33. Qf3
h3 34. g3 fxg3+ 35. Bxg3 Rd8 36. Qf5+ Qxf5 37. Rxf5 Rd2+ 38. Rf2 Rxf2+ 39. Bxf2
Kc7 40. bxc6 bxc6 41. a5 Ra8 42. Bb6+ Kd6 43. Kxh3 Kd5 44. Rc5+ Kd6 45. Rg5 Ra6
46. c4 Ra8 47. Kg4 Re8 48. Rg6+ Kd7 49. Kf4 Re1 50. c5 Rf1+ 51. Ke3 Re1+ 52.
Kd2 Ra1 53. Rd6+ Kc8 54. Rxc6+ Kb7 55. Rh6 Ra3 56. c6+ Ka6 57. c7 Ra2+ 58. Kc3
1-0